000 00574nam a2200229Ia 4500
003 OSt
005 20221007064554.0
006 a|||||r|||| 00| 0
007 ta
008 221006b |||||||| |||| 00| 0 eng d
024 _a8,243
037 _cTextual
040 _aFLL
_cFLL
_beng
041 _2eng
_aeng
082 _aZ:91, L5
100 _aSubbarao Au.
_9187959
245 0 _aJurisprudence and legal theory
260 _aDelhi
_bIndia
_c1975
300 _a340p
_ccm.
942 _hZ:91, L5
_cTEXL
_2CC
999 _c1134495
_d1134495